| 000 | 01514cam a22002897a 4500 | ||
|---|---|---|---|
| 999 |
_c528298 _d528298 |
||
| 001 | 13978266 | ||
| 003 | NUST | ||
| 005 | 20190905104703.0 | ||
| 008 | 050523s1984 dcua b 000 0 eng d | ||
| 010 | _a 2005298087 | ||
| 035 | _a(OCoLC)ocm12061861 | ||
| 038 | _aMSOHAIL | ||
| 040 |
_aTRL _cTRL _dILU _dDLC |
||
| 042 | _alccopycat | ||
| 050 | 0 | 0 |
_aTK4188 _b.A48 1984 |
| 082 | 0 | 0 |
_a628.95 _222 _bAAS |
| 110 | 2 |
_aAmerican Association of State Highway and Transportation Officials. _bJoint Task Force for Highway Lighting. _920006 |
|
| 245 | 1 | 3 |
_aAn informational guide for roadway lighting / _cprepared by the Joint Task Force for Highway Lighting of the AASHTO Highway Subcommittees on Design and Traffic Engineering. |
| 260 |
_aWashington, D.C. : _bAmerican Association of State Highway and Transportation Officials, _c1984. |
||
| 300 |
_a36 p. : _bill. ; _c28 cm. |
||
| 504 | _aIncludes bibliographical references (p. 34-36). | ||
| 505 | 0 | _aIntroduction -- Visibility and quality of roadway lighting -- Freeways -- Streets and highways, other than freeways, and walkways and bicycle lanes -- High mast lighting -- Tunnels and underpasses -- Roadway safety rest areas -- Roadway sign lighting -- Mantenance considerations in roadway lighting design. | |
| 650 | 0 |
_aRoads _xLighting. _920007 |
|
| 906 |
_a7 _bcbc _ccopycat _d2 _encip _f20 _gy-gencatlg |
||
| 942 |
_2ddc _cBK |
||